| 000 | 00471nam a22001937a 4500 | ||
|---|---|---|---|
| 003 | MPLRDC | ||
| 005 | 20220104114655.0 | ||
| 008 | 210129b ||||| |||| 00| 0 eng d | ||
| 020 | _a962-436-272-6 | ||
| 082 | _a294 HZK | ||
| 100 | _a何昭匡 | ||
| 245 |
_a猪年风水招财布局法 _c |
||
| 250 | _a一版一刷 | ||
| 260 |
_a _b聚贤馆文化有限公司 _c1994 |
||
| 300 | _b平 | ||
| 490 | _a术数丛书 | ||
| 650 | _a堪舆--风水 | ||
| 942 |
_cBK _o294 HZK |
||
| 999 |
_c9330 _d9320 |
||